000 00258nam a22001217a 4500
008 170309b xxu||||| |||| 00| 0 eng d
041 _aeng
080 _210 ED
_aSHM
100 _a6
101 _aSHM
245 _aHUMAN PHYSIOLOGY
_cFOX.S.I
942 _2udc
_cBK
999 _c7324
_d7324